000 01594nam a22002297a 4500
003 0
005 20241012111631.0
008 241012b xxu||||| |||| 00| 0 eng d
020 _a9781032440897
050 _aML 457
_b.C36 2024
100 _aCanfer, Tim,
_eauthor.
245 _aMusic technology in live performance :
_btools, techniques, and interaction /
_cTim Canfer.
260 _aNew York, NY :
_bRoutledge,
_c2024.
300 _aix, 241 p. :
_bill. ;
_c24 cm.
504 _aIncludes bibliographical references and index.
520 _a"Music Technology in Live Performance explores techniques to augment live musical performance and represents a comprehensive guide to best practices in music technology for live performance. This book presents a practical and accessible introduction to the theories of liveness and an array of live performance technologies and techniques. Areas covered include analogue and digital audio, live sound, the recording studio, and electronic music, revealing best professional practices and expert tips, alongside an exploration of approaches to increasing the exchange of energy in live performance. Music Technology in Live Performance is an ideal introduction for students of music performance, music production and music technology, and a vital resource to professional musicians, producers, and technology developers"--Provided by publisher.
650 _aMusic
_vPerformance.
650 _aComputer sound processing.
650 _aConcerts
_vProduction and direction.
650 _aElectronic music
_vProduction and direction.
942 _2lcc
_cBK
999 _c366525
_d366525